Cơ sở kỹ thuật mạch điện và điện tử T.1

Cung cấp các kiến thức cơ bản cũng như những công cụ và phương pháp để phân tích các chế độ hoạt động của các mạch điện và điện tử cơ sở. Gồm 11 chương: trong đó chương 1 mô tả " các đại lượng điện cơ bản và các chức năng cơ so...

Πλήρης περιγραφή

Αποθηκεύτηκε σε:
Λεπτομέρειες βιβλιογραφικής εγγραφής
Κύριος συγγραφέας: Hồ, Văn Sung
Μορφή: Βιβλίο
Γλώσσα:Undetermined
Έκδοση: H. Giáo dục Việt Nam 2010
Θέματα:
Διαθέσιμο Online:http://lrc.tdmu.edu.vn/opac/search/detail.asp?aID=2&ID=7745
Ετικέτες: Προσθήκη ετικέτας
Δεν υπάρχουν, Καταχωρήστε ετικέτα πρώτοι!
Thư viện lưu trữ: Trung tâm Học liệu Trường Đại học Thủ Dầu Một
LEADER 01440nam a2200229Ia 4500
001 TDMU_7745
008 210410s9999 xx 000 0 und d
082 |a 621.319 
090 |b H450 
100 |a Hồ, Văn Sung 
245 0 |a Cơ sở kỹ thuật mạch điện và điện tử 
245 0 |c Hồ Văn Sung 
245 0 |n T.1 
245 0 |p Mạch điện cơ bản (Tính toán và mô phỏng với matlab) 
260 |a H. 
260 |b Giáo dục Việt Nam 
260 |c 2010 
300 |a 311tr 
520 |a Cung cấp các kiến thức cơ bản cũng như những công cụ và phương pháp để phân tích các chế độ hoạt động của các mạch điện và điện tử cơ sở. Gồm 11 chương: trong đó chương 1 mô tả " các đại lượng điện cơ bản và các chức năng cơ sở" của chúng. Chương 2 "biểu diễn phức dòng điện và mạch điện xoay chiều". Chương 3 trình bày những "định luật cơ bản trong các mạng điện tuyến tính"... 
650 |a Mạch điện; Điện tử; Kỹ thuật mạch điện; Mạch điện cơ bản; Phần mềm Matlab 
856 |u http://lrc.tdmu.edu.vn/opac/search/detail.asp?aID=2&ID=7745 
980 |a Trung tâm Học liệu Trường Đại học Thủ Dầu Một